European Gymnastics Champions - Statistics

General Stats
  • This quiz has been taken 698 times
    39 since last reset
  • The average score is 157 of 372
Answer Stats
Year Rank Apparatus Country Represented Gymnast % Correct
2013 Gold All Around Russia Aliya Mustafina
88%
2013 Gold Uneven Bars Russia Aliya Mustafina
88%
2010 Silver Uneven Bars Russia Aliya Mustafina
88%
2014 Silver Uneven Bars Russia Aliya Mustafina
88%
2016 Bronze Uneven Bars Russia Aliya Mustafina
88%
2016 Gold Balance Beam Russia Aliya Mustafina
88%
2010 Silver Balance Beam Russia Aliya Mustafina
88%
2014 Bronze Balance Beam Russia Aliya Mustafina
88%
2024 Silver All Around Italy Alice D'Amato
81%
2023 Bronze All Around Italy Alice D'Amato
81%
2023 Gold Uneven Bars Italy Alice D'Amato
81%
2024 Gold Uneven Bars Italy Alice D'Amato
81%
2022 Silver Uneven Bars Italy Alice D'Amato
81%
2019 Bronze Uneven Bars Italy Alice D'Amato
81%
2017 Gold All Around Great Britain Ellie Downie
81%
2019 Silver All Around Great Britain Ellie Downie
81%
2015 Bronze All Around Great Britain Ellie Downie
81%
2016 Silver Vault Great Britain Ellie Downie
81%
2017 Silver Vault Great Britain Ellie Downie
81%
2019 Bronze Vault Great Britain Ellie Downie
81%
2017 Bronze (tie) Uneven Bars Great Britain Ellie Downie
81%
2016 Silver Floor Exercise Great Britain Ellie Downie
81%
2017 Silver Floor Exercise Great Britain Ellie Downie
81%
2007 Gold All Around Italy Vanessa Ferrari
81%
2008 Silver All Around Italy Vanessa Ferrari
81%
2007 Gold Floor Exercise Italy Vanessa Ferrari
81%
2014 Gold Floor Exercise Italy Vanessa Ferrari
81%
2006 Silver Floor Exercise Italy Vanessa Ferrari
81%
2009 Silver Floor Exercise Italy Vanessa Ferrari
81%
2021 Bronze Floor Exercise Italy Vanessa Ferrari
81%
2012 Gold Uneven Bars Russia Viktoria Komova
81%
2021 Silver All Around Russia Angelina Melnikova
75%
2019 Bronze All Around Russia Angelina Melnikova
75%
2018 Silver Vault Russia Angelina Melnikova
75%
2021 Bronze Vault Russia Angelina Melnikova
75%
2021 Gold Uneven Bars Russia Angelina Melnikova
75%
2019 Silver Uneven Bars Russia Angelina Melnikova
75%
2018 Bronze Uneven Bars Russia Angelina Melnikova
75%
2017 Gold Floor Exercise Russia Angelina Melnikova
75%
2021 Silver Floor Exercise Russia Angelina Melnikova
75%
2019 Bronze Floor Exercise Russia Angelina Melnikova
75%
2022 Gold All Around Italy Asia D'Amato
75%
2022 Silver Vault Italy Asia D'Amato
75%
2023 Silver Vault Italy Asia D'Amato
75%
2014 Gold Uneven Bars Great Britain Becky Downie
75%
2016 Gold Uneven Bars Great Britain Becky Downie
75%
2015 Silver Uneven Bars Great Britain Becky Downie
75%
2023 Silver Uneven Bars Great Britain Becky Downie
75%
2015 Silver Balance Beam Great Britain Becky Downie
75%
2011 Silver All Around Germany Elisabeth Seitz
75%
2022 Gold Uneven Bars Germany Elisabeth Seitz
75%
2017 Bronze (tie) Uneven Bars Germany Elisabeth Seitz
75%
2023 Bronze Uneven Bars Germany Elisabeth Seitz
75%
2015 Gold All Around Switzerland Giulia Steingruber
75%
2011 Bronze All Around Switzerland Giulia Steingruber
75%
2013 Gold Vault Switzerland Giulia Steingruber
75%
2014 Gold Vault Switzerland Giulia Steingruber
75%
2016 Gold Vault Switzerland Giulia Steingruber
75%
2021 Gold Vault Switzerland Giulia Steingruber
75%
2015 Silver Vault Switzerland Giulia Steingruber
75%
2012 Bronze Vault Switzerland Giulia Steingruber
75%
2016 Gold Floor Exercise Switzerland Giulia Steingruber
75%
2014 Bronze Floor Exercise Switzerland Giulia Steingruber
75%
2015 Bronze Floor Exercise Switzerland Giulia Steingruber
75%
2019 Gold All Around France Melanie de Jesus dos Santos
75%
2017 Bronze All Around France Melanie de Jesus dos Santos
75%
2021 Gold Balance Beam France Melanie de Jesus dos Santos
75%
2019 Silver Balance Beam France Melanie de Jesus dos Santos
75%
2018 Gold Floor Exercise France Melanie de Jesus dos Santos
75%
2019 Gold Floor Exercise France Melanie de Jesus dos Santos
75%
2015 Bronze Uneven Bars Netherlands Sanne Wevers
75%
2018 Gold Balance Beam Netherlands Sanne Wevers
75%
2023 Gold Balance Beam Netherlands Sanne Wevers
75%
2021 Silver Balance Beam Netherlands Sanne Wevers
75%
2004 Gold Balance Beam Romania Catalina Ponor
69%
2005 Gold Balance Beam Romania Catalina Ponor
69%
2006 Gold Balance Beam Romania Catalina Ponor
69%
2012 Gold Balance Beam Romania Catalina Ponor
69%
2017 Gold Balance Beam Romania Catalina Ponor
69%
2016 Bronze Balance Beam Romania Catalina Ponor
69%
2004 Gold Floor Exercise Romania Catalina Ponor
69%
2012 Silver Floor Exercise Romania Catalina Ponor
69%
2006 Bronze Floor Exercise Romania Catalina Ponor
69%
2016 Bronze Floor Exercise Romania Catalina Ponor
69%
2023 Gold All Around Great Britain Jessica Gadirova
69%
2021 Bronze All Around Great Britain Jessica Gadirova
69%
2021 Silver Vault Great Britain Jessica Gadirova
69%
2021 Gold Floor Exercise Great Britain Jessica Gadirova
69%
2022 Gold Floor Exercise Great Britain Jessica Gadirova
69%
2023 Gold Floor Exercise Great Britain Jessica Gadirova
69%
2017 Gold Uneven Bars Belgium Nina Derwael
69%
2018 Gold Uneven Bars Belgium Nina Derwael
69%
2025 Gold Uneven Bars Belgium Nina Derwael
69%
2025 Gold Balance Beam Belgium Nina Derwael
69%
2018 Silver Balance Beam Belgium Nina Derwael
69%
2013 Silver All Around Romania Larisa Iordache
63%
2013 Silver Vault Romania Larisa Iordache
63%
2020 Silver Vault Romania Larisa Iordache
63%
2014 Bronze Vault Romania Larisa Iordache
63%
2013 Gold Balance Beam Romania Larisa Iordache
63%
2020 Gold Balance Beam Romania Larisa Iordache
63%
2012 Silver Balance Beam Romania Larisa Iordache
63%
2014 Silver Balance Beam Romania Larisa Iordache
63%
2017 Bronze Balance Beam Romania Larisa Iordache
63%
2012 Gold Floor Exercise Romania Larisa Iordache
63%
2014 Gold Floor Exercise Romania Larisa Iordache
63%
2020 Gold Floor Exercise Romania Larisa Iordache
63%
2013 Silver Floor Exercise Romania Larisa Iordache
63%
1996 Gold All Around Ukraine Lilia Podkopayeva
63%
1996 Bronze Vault Ukraine Lilia Podkopayeva
63%
1996 Bronze Uneven Bars Ukraine Lilia Podkopayeva
63%
1996 Gold Floor Exercise Ukraine Lilia Podkopayeva
63%
2024 Gold All Around Italy Manila Esposito
63%
2025 Gold All Around Italy Manila Esposito
63%
2024 Gold Balance Beam Italy Manila Esposito
63%
2023 Silver Balance Beam Italy Manila Esposito
63%
2024 Gold Floor Exercise Italy Manila Esposito
63%
2025 Silver Floor Exercise Italy Manila Esposito
63%
2015 Gold Vault Russia Maria Paseka
63%
2019 Gold Vault Russia Maria Paseka
63%
2013 Bronze Uneven Bars Russia Maria Paseka
63%
2007 Silver All Around Romania Sandra Izbasa
63%
2011 Gold Vault Romania Sandra Izbasa
63%
2012 Gold Vault Romania Sandra Izbasa
63%
2007 Silver Balance Beam Romania Sandra Izbasa
63%
2008 Silver Balance Beam Romania Sandra Izbasa
63%
2006 Gold Floor Exercise Romania Sandra Izbasa
63%
2008 Gold Floor Exercise Romania Sandra Izbasa
63%
2011 Gold Floor Exercise Romania Sandra Izbasa
63%
1998 Gold All Around Russia Svetlana Khorkina
63%
2000 Gold All Around Russia Svetlana Khorkina
63%
2002 Gold All Around Russia Svetlana Khorkina
63%
1996 Gold Uneven Bars Russia Svetlana Khorkina
63%
1998 Gold Uneven Bars Russia Svetlana Khorkina
63%
2000 Gold Uneven Bars Russia Svetlana Khorkina
63%
2002 Gold Uneven Bars Russia Svetlana Khorkina
63%
2004 Gold Uneven Bars Russia Svetlana Khorkina
63%
2000 Gold Balance Beam Russia Svetlana Khorkina
63%
2002 Silver Balance Beam Russia Svetlana Khorkina
63%
2004 Bronze Balance Beam Russia Svetlana Khorkina
63%
1998 Silver Floor Exercise Russia Svetlana Khorkina
63%
2025 Bronze All Around Romania Ana Barbosu
56%
2025 Bronze Uneven Bars Romania Ana Barbosu
56%
2025 Silver Balance Beam Romania Ana Barbosu
56%
2025 Gold Floor Exercise Romania Ana Barbosu
56%
2006 Gold Uneven Bars Great Britain Beth Tweddle
56%
2009 Gold Uneven Bars Great Britain Beth Tweddle
56%
2010 Gold Uneven Bars Great Britain Beth Tweddle
56%
2011 Gold Uneven Bars Great Britain Beth Tweddle
56%
2004 Silver Uneven Bars Great Britain Beth Tweddle
56%
2002 Bronze Uneven Bars Great Britain Beth Tweddle
56%
2009 Gold Floor Exercise Great Britain Beth Tweddle
56%
2010 Gold Floor Exercise Great Britain Beth Tweddle
56%
2007 Silver Floor Exercise Great Britain Beth Tweddle
56%
2008 Silver Floor Exercise Great Britain Beth Tweddle
56%
2022 Silver All Around Great Britain Alice Kinsella
50%
2024 Bronze All Around Great Britain Alice Kinsella
50%
2019 Gold Balance Beam Great Britain Alice Kinsella
50%
2023 Silver Floor Exercise Great Britain Alice Kinsella
50%
2005 Gold Uneven Bars France Emilie LePennec
50%
2005 Bronze Floor Exercise France Emilie LePennec
50%
2024 Silver Balance Beam Romania Sabrina Voinea
50%
2024 Silver Floor Exercise Romania Sabrina Voinea
50%
2023 Bronze Floor Exercise Romania Sabrina Voinea
50%
2021 Gold All Around Russia Viktoria Listunova
50%
2024 Silver Uneven Bars Italy Elisa Iorio
44%
2009 Silver All Around Russia Ksenia Afanasyeva
44%
2015 Bronze Vault Russia Ksenia Afanasyeva
44%
2016 Bronze Vault Russia Ksenia Afanasyeva
44%
2013 Gold Floor Exercise Russia Ksenia Afanasyeva
44%
2015 Gold Floor Exercise Russia Ksenia Afanasyeva
44%
1996 Bronze All Around Romania Lavinia Milosovici
44%
1996 Silver Floor Exercise Romania Lavinia Milosovici
44%
2022 Bronze Uneven Bars France Lorette Charpy
44%
2019 Bronze Balance Beam France Lorette Charpy
44%
1998 Silver All Around Romania Simona Amanar
44%
1996 Gold Vault Romania Simona Amanar
44%
2000 Gold Vault Romania Simona Amanar
44%
1998 Bronze Vault Romania Simona Amanar
44%
1996 Silver Uneven Bars Romania Simona Amanar
44%
2000 Silver Balance Beam Romania Simona Amanar
44%
1998 Bronze Floor Exercise Romania Simona Amanar
44%
2017 Silver All Around Hungary Zsofia Kovacs
44%
2023 Silver All Around Hungary Zsofia Kovacs
44%
2020 Gold Vault Hungary Zsofia Kovacs
44%
2022 Gold Vault Hungary Zsofia Kovacs
44%
2020 Gold Uneven Bars Hungary Zsofia Kovacs
44%
2023 Bronze Balance Beam Hungary Zsofia Kovacs
44%
2025 Silver All Around Spain Alba Petisco
38%
2025 Bronze Floor Exercise Spain Alba Petisco
38%
2000 Bronze Floor Exercise Romania Andreea Raducan
38%
2000 Silver All Around Russia Elena Zamolodchikova
38%
2004 Bronze All Around Russia Elena Zamolodchikova
38%
2000 Silver Vault Russia Elena Zamolodchikova
38%
2004 Bronze Vault Russia Elena Zamolodchikova
38%
2000 Bronze Balance Beam Russia Elena Zamolodchikova
38%
1996 Silver Vault Romania Gina Gogean
38%
1996 Silver Balance Beam Romania Gina Gogean
38%
1998 Silver Vault Romania Maria Olaru
38%
2016 Silver Balance Beam France Marine Boyer
38%
2018 Bronze Balance Beam France Marine Boyer
38%
2024 Bronze Balance Beam France Marine Boyer
38%
2002 Silver All Around Netherlands Verona van de Leur
38%
2002 Silver Vault Netherlands Verona van de Leur
38%
2002 Bronze Balance Beam Netherlands Verona van de Leur
38%
2002 Bronze Floor Exercise Netherlands Verona van de Leur
38%
2013 Bronze All Around Russia Anastasia Grishina
31%
2012 Silver Uneven Bars Russia Anastasia Grishina
31%
2013 Bronze Balance Beam Russia Anastasia Grishina
31%
2022 Bronze Floor Exercise Italy Angela Andreoli
31%
2024 Bronze Floor Exercise Italy Angela Andreoli
31%
2025 Silver Uneven Bars Hungary Bettina Czifra
31%
2015 Bronze Balance Beam France Claire Martin
31%
2015 Gold Uneven Bars Russia Daria Spiridonova
31%
2016 Silver Uneven Bars Russia Daria Spiridonova
31%
2014 Bronze Uneven Bars Russia Daria Spiridonova
31%
2017 Silver Uneven Bars Russia Elena Eremina
31%
2004 Silver Floor Exercise Spain Elena Gomez
31%
2022 Bronze All Around Italy Martina Maggio
31%
2022 Silver Floor Exercise Italy Martina Maggio
31%
2004 Gold Vault Romania Monica Rosu
31%
2004 Silver All Around Romania Nicoleta Daniela Sofronie
31%
2008 Gold Vault Germany Oksana Chusovitina
31%
2007 Silver Vault Germany Oksana Chusovitina
31%
2011 Silver Vault Germany Oksana Chusovitina
31%
2012 Silver Vault Germany Oksana Chusovitina
31%
2022 Silver Balance Beam Great Britain Ondine Achampong
31%
2008 Gold All Around Romania Steliana Nistor
31%
2007 Silver Uneven Bars Romania Steliana Nistor
31%
2008 Silver Uneven Bars Romania Steliana Nistor
31%
1996 Silver All Around Belarus Svetlana Boginskaya
31%
2004 Silver Balance Beam Romania Alexandra Eremia
25%
2021 Bronze Balance Beam Ukraine Anastasiia Bachynska
25%
2009 Bronze All Around Switzerland Ariella Kaeslin
25%
2009 Gold Vault Switzerland Ariella Kaeslin
25%
2011 Bronze Vault Switerland Ariella Kaeslin
25%
2011 Silver Balance Beam Italy Carlotta Ferlito
25%
2022 Bronze Balance Beam France Carolann Heduit
25%
2013 Silver Balance Beam Romania Diana Bulimar
25%
2013 Bronze Floor Exercise Romania Diana Bulimar
25%
2000 Bronze Uneven Bars Russia Elena Produnova
25%
2022 Gold Balance Beam Germany Emma Malewski
25%
2024 Bronze Uneven Bars Great Britain Georgia-Mae Fenton
25%
2025 Gold Vault Germany Karina Schonmaier
25%
2009 Gold All Around Russia Ksenia Semenova
25%
2008 Gold Uneven Bars Russia Ksenia Semenova
25%
2009 Silver Uneven Bars Russia Ksenia Semenova
25%
2008 Gold Balance Beam Russia Ksenia Semenova
25%
2009 Bronze Floor Exercise Russia Ksenia Semenova
25%
2020 Bronze Floor Exercise Israel Lihie Raz
25%
2005 Gold All Around France Marine Debauve
25%
2005 Silver Balance Beam France Marine Debauve
25%
2024 Silver Vault Bulgaria Valentina Georgieva
25%
2025 Silver Vault Bulgaria Valentina Georgieva
25%
2000 Bronze All Around Ukraine Viktoria Karpenko
25%
1998 Silver Uneven Bars Ukraine Viktoria Karpenko
25%
2000 Silver Uneven Bars Ukraine Viktoria Karpenko
25%
2000 Silver Floor Exercise Ukraine Viktoria Karpenko
25%
2004 Gold All Around Ukraine Alina Kozich
19%
2007 Bronze All Around Ukraine Alina Kozich
19%
2008 Bronze Balance Beam Ukraine Alina Kozich
19%
2007 Bronze Floor Exercise Ukraine Alina Kozich
19%
2021 Bronze Uneven Bars Great Britain Amelie Morgan
19%
2011 Gold All Around Russia Anna Dementyeva
19%
2011 Gold Balance Beam Russia Anna Dementyeva
19%
2005 Silver All Around Russia Anna Pavlova
19%
2004 Silver Vault Russia Anna Pavlova
19%
2005 Silver Vault Russia Anna Pavlova
19%
2014 Silver Vault Azerbaijan Anna Pavlova
19%
2005 Bronze Balance Beam Russia Anna Pavlova
19%
2015 Silver Floor Exercise Great Britain Claudia Fragapane
19%
2017 Gold Vault France Coline Devillard
19%
2023 Gold Vault France Coline Devillard
19%
2024 Gold Vault France Coline Devillard
19%
2019 Silver Vault France Coline Devillard
19%
1996 Bronze Floor Exercise Russia Dina Kochetkova
19%
2012 Bronze Balance Beam Great Britain Hannah Whelan
19%
2012 Bronze Floor Exercise Great Britain Hannah Whelan
19%
2005 Gold Floor Exercise France Isabelle Severino
19%
2002 Gold Balance Beam Russia Ludmila Ezhova
19%
1998 Bronze Balance Beam Russia Ludmila Ezhova
19%
1996 Gold Balance Beam Russia Rozalia Galieva
19%
2025 Bronze Balance Beam Italy Sofia Tonelli
19%
2010 Bronze Vault Russia Tatiana Nabieva
19%
2011 Silver Uneven Bars Russia Tatiana Nabieva
19%
2021 Silver Uneven Bars Russia Vladislava Urazova
19%
2010 Silver Vault France Youna Dufournet
19%
2020 Silver Uneven Bars Hungary Zoja Szekely
19%
2022 Bronze Vault France Aline Friess
13%
2002 Gold Floor Exercise Ukraine Alona Kvasha
13%
2010 Bronze All Around Romania Amelia Racea
13%
2010 Gold Balance Beam Romania Amelia Racea
13%
2019 Gold Uneven Bars Russia Anastasia Ilyankova
13%
2020 Bronze Vault Ukraine Anastasiia Motak
13%
2020 Bronze Balance Beam Ukraine Anastasiia Motak
13%
2015 Gold Balance Beam Romania Andreea Munteanu
13%
2007 Gold Vault Italy Carlotta Giovannini
13%
2008 Silver Vault Italy Carlotta Giovannini
13%
1998 Bronze All Around Romania Claudia Presecan
13%
1998 Bronze Uneven Bars Romania Claudia Presecan
13%
2018 Bronze Vault Romania Denisa Golgota
13%
2018 Silver Floor Exercise Romania Denisa Golgota
13%
2007 Bronze Uneven Bars Russia Ekaterina Kramarenko
13%
2011 Bronze Balance Beam Italy Elisabetta Preziosa
13%
2000 Bronze Vault Spain Esther Moya
13%
2017 Silver Balance Beam Netherlands Eythora Thorsdottir
13%
2019 Silver Floor Exercise Netherlands Eythora Thorsdottir
13%
2017 Bronze Floor Exercise Netherlands Eythora Thorsdottir
13%
2004 Bronze Uneven Bars Ukraine Irina Krasnianska
13%
2011 Bronze Uneven Bars Germany Kim Bui
13%
2023 Bronze Vault Belgium Lisa Vaelen
13%
2025 Bronze Vault Belgium Lisa Vaelen
13%
2000 Gold Floor Exercise France Ludivine Furnon
13%
2024 Bronze Vault France Ming van Eijken
13%
2002 Silver Uneven Bars Netherlands Renske Endel
13%
2020 Silver Balance Beam Romania Silviana Sfiringu
13%
2005 Silver Floor Exercise Netherlands Suzanne Harmes
13%
1996 Bronze Balance Beam Belarus Yelena Piskun
13%
2009 Silver Vault Russia Yulia Berger
13%
1998 Gold Vault Hungary Adrienn Varga
6%
2002 Bronze All Around Ukraine Alyona Kvasha
6%
2009 Bronze Uneven Bars Germany Anja Brinker
6%
2006 Gold Vault Russia Anna Grudko
6%
2007 Bronze Vault Russia Anna Grudko
6%
2020 Bronze Uneven Bars Slovakia Barbora Mokosova
6%
2018 Gold Vault Hungary Boglarka Devai
6%
2017 Bronze Vault Hungary Boglarka Devai
6%
2007 Gold Uneven Bars Ukraine Dariya Zgoba
6%
2005 Bronze Uneven Bars Ukraine Dariya Zgoba
6%
2008 Bronze Uneven Bars Ukraine Dariya Zgoba
6%
2011 Silver Floor Exercise Romania Diana Chelaru
6%
2010 Bronze Floor Exercise Romania Diana Chelaru
6%
1998 Gold Balance Beam Russia Eugenia Kuznetsova
6%
2005 Gold Vault Italy Francesca Benolli
6%
2008 Bronze Vault Italy Francesca Benolli
6%
2009 Bronze Balance Beam Romania Gabriela Dragoi
6%
2002 Bronze Vault Romania Joana Petrovschi
6%
2013 Silver Uneven Bars Sweden Jonna Adlerteg
6%
2018 Silver Uneven Bars Sweden Jonna Adlerteg
6%
2006 Bronze Uneven Bars Spain Lenika De Simone
6%
2006 Silver Balance Beam Spain Lenika De Simone
6%
2015 Silver All Around Russia Maria Kharenkova
6%
2014 Gold Balance Beam Russia Maria Kharenkova
6%
2008 Bronze All Around France Marine Petit
6%
2010 Bronze Uneven Bars Ukraine Nataliya Kononenko
6%
2012 Bronze Uneven Bars Ukraine Nataliya Kononenko
6%
1998 Silver Balance Beam Ukraine Olga Teslenko
6%
2007 Bronze Balance Beam Greece Stefani Bismpikou
6%
2009 Gold Balance Beam Ukraine Yana Demyanchuk
6%
2011 Bronze Floor Exercise Russia Yulia Belokobylskaya
6%
2005 Bronze Vault Belgium Aagje Vanwalleghem
0%
2008 Bronze Floor Exercise Romania Adriana Tamirjan
0%
2009 Silver Balance Beam Romania Anamaria Tamirjan
0%
2009 Bronze Vault Ukraine Anna Kalashnyk
0%
2010 Silver Floor Exercise Russia Anna Myzdrikova
0%
2018 Bronze Floor Exercise Belgium Axelle Klinckaert
0%
1998 Gold Floor Exercise Romania Corina Ungureanu
0%
2010 Gold Vault Russia Ekaterina Kurbatova
0%
2020 Silver Floor Exercise Turkey Goksu Uctas Sanli
0%
2006 Silver Uneven Bars Czech Republic Jane Sikulova
0%
1996 Bronze Floor Exercise Spain Joana Juarez
0%
2006 Bronze Vault Germany Katja Abel
0%
2004 Bronze Floor Exercise Italy Maria Gargano
0%
2006 Bronze Balance Beam Ukraine Marine Proskurina
0%
2002 Gold Vault Russia Natalia Ziganchina
0%
2002 Silver Floor Exercise Russia Natalia Ziganchina
0%
2013 Silver Vault Netherlands Noel Van Klaveren
0%
2006 Silver Vault Ukraine Olga Sherbatykh
0%
2010 Bronze Balance Beam Romania Raluca Haidu
0%
2005 Silver Uneven Bars Spain Tania Gener
0%
2005 Bronze All Around Russia Yulia Lozhechko
0%
2007 Gold Balance Beam Russia Yulia Lozhechko
0%
No matching quizzes found
Score Distribution
Percent of People with Each Score
Percentile by Number Answered
Your Score History
You have not taken this quiz since the last reset